000
00318nam a22001337a 4500
020
_a
978-93-5029-091-0
041
_a
ENG
100
_a
Shourie Arun
245
_a
Does He Know A Mother's Heart
260
_a
New Delhi
_b
Harper Collins Publishers
_c
2011
300
_a
435
650
_a
Marathi
856
_u
Marathi ( 33 )
999
_c
2237
_d
2237